Normal view MARC view
  • Jiménez de la Cuesta, Eduardo

Entry Nombre Personal

Number of records used in: 2

001 - NUMERO DE CONTROL

  • campo de control: 51531

003 - IDENTIFICADOR DE NUMERO DE CONTROL

  • campo de control: UPN

005 - FECHA Y HORA DE LA ÜLTIMA TRANSACCIÓN

  • campo de control: 20240412134301.0

008 - DATOS DE LONGITUD FIJA

  • campo de control de longitud fija: 240412|| aca||aabn | aaa d

040 ## - FUENTE DE CATALOGACIÓN

  • Agencia original de catalogación: MX-MxUPN
  • Lenguaje de catalogación: spa
  • Agencia de transcripción: MX-MxUPN

100 1# - ENCABEZAMIENTO - NOMBRE PERSONAL

  • Nombre personal: Jiménez de la Cuesta, Eduardo

373 ## - GRUPO ASOCIADO

  • Associated group: Escuela Nacional de Comercio y Administración

374 ## - OCUPACIÓN

  • Occupation: Profesor

670 ## - FUENTE EN LA QUE SE LOCALIZARON DATOS

  • Cita de la fuente: LC, 12 abril 2024:
  • Información localizada: (Jiménez de la Cuesta, Eduardo)
  • Uniform Resource Identifier: https://lccn.loc.gov/no2011161043

670 ## - FUENTE EN LA QUE SE LOCALIZARON DATOS

  • Cita de la fuente: Nociones de teneduría de libros por partida doble, 1899:
  • Información localizada: portada (Antiguo profesor de la Escuela Nacional de Comercio y Administración)

902 ## - CATALOGADOR

  • Catalogador: MaríaRobles/120424